000
00272nam a22001217a 4500
040
_c
HS
082
_a
304
100
_a
PAUL NICHOLS
245
_a
Social survey methods fieldguide for development workers
260
_a
NA
_b
PAUL NICHOLS
_c
NA
300
_a
129p;
942
_c
EK
999
_c
9747
_d
9747